00713nam a22002417a 4500003000500000005001700005008004100022010001000063011001000073035001000083040000900093082001500102100002300117245008500140260008900225300001000314490002100324650003300345650002900378700002200407700002100429830002100450CHAP20220329135159.0971013s1981 r 00010 d a32235 a33207 a37322 cCHAP a580.12bM300aMartorell, Luis F. aCatálogo de los nombres vulgares y científicos de las plantas de Puerto Rico aRio Piedras :bUniversidad de Puerto Rico. Estación Experimental Agrícola,c1981 a231 p aBoletínv; 26314aBotánicaxClasificación.14aBotánicaxPuerto Rico.0 aLiogier, Alain H.0 aWoodbury, Roy O.0 aBoletínv; 263